Emoji Quiz #3 - Statistics

General Stats
  • This quiz has been taken 15 times
  • The average score is 10 of 25
Answer Stats
Hint Answer % Correct
๐Ÿค‘ {money}-mouth face
93%
๐Ÿฅต {hot} face
86%
๐Ÿ˜ญ loudly {crying} face
86%
๐Ÿ˜ฐ anxious face with {sweat}
79%
๐Ÿฅถ {cold} face
79%
๐Ÿ™ƒ {upside}-{down} face
79%
๐Ÿ˜ข {crying} face
71%
๐Ÿซ  {melting} face
71%
๐Ÿ˜ค face with {steam} from nose
57%
๐Ÿคฏ {exploding} head
50%
๐Ÿซค face with {diagonal} mouth
29%
โ˜น๏ธ {frowning} face
29%
๐Ÿ™ slightly {frowning} face
29%
๐Ÿ˜ฑ face {screaming} in fear
21%
๐Ÿ˜ž {disappointed} face
14%
๐Ÿ˜Ÿ {worried} face
14%
๐Ÿ˜ง {anguished} face
7%
๐Ÿ˜ฒ {astonished} face
7%
๐Ÿ˜– {confounded} face
7%
๐Ÿ˜• {confused} face
7%
๐Ÿ˜ฎโ€๐Ÿ’จ face {exhaling}
7%
๐Ÿ˜จ {fearful} face
7%
๐Ÿ˜ฆ {frowning} face with open mouth
7%
๐Ÿ˜ฌ {grimacing} face
7%
๐Ÿ˜ฉ {weary} face
7%
No matching quizzes found
Score Distribution
Percent of People with Each Score
Percentile by Number Answered
Your Score History
You have not taken this quiz